000 01976nam a22002297a 4500
999 _c60072
_d60072
003 Ge_BSU
005 20230717101007.0
008 230605s2014 ge ||||| |||| 00| 0 geo d
041 _ageo
080 _a94(479.22) მ-92
100 _aმუსხელიშვილი, დავით
_918460
245 _aსამეცნიერო სტატიები, წერილები და პუბლიცისტიკა :
_b [კრებული] /
_cდავით მუსხელიშვილი; შემდგ. ალექსანდრე დაუშვილი; საქ. მართლმადიდებელ ეკლესიასთან არსებული ქრისტიანული კვლევის საერთაშ. ცენტრი, ისტ., ეთნოლ., რელიგიის შესწავლისა და პროპაგანდის სამეცნ. ცენტრი.
264 _aღბილის :
_bუნივერსალი,
_c2014.
300 _a547 გვ. ;
_b29 სმ.
500 _aსტატიების ნაწილი რუს.
504 _aბიბლიოგრ. ტექსტ. შენიშვნ. და გვ. 532-543.
653 _aსაქართველოს ახალი ისტორია
653 _aსაქართველოს არქეოლოგია
700 _aდაუშვილი, ალექსანდრე
_eშემდგენელი
_95482
710 _aსაქ. მართლმადიდებელ ეკლესიასთან არსებული ქრისტიანული კვლევის საერთაშ. ცენტრი
_bისტ., ეთნოლ., რელიგიის შესწავლისა და პროპაგანდის სამეცნ. ცენტრი.
_918461
942 _2udc
_cBK